A First Course in Topos Quantum Theory /
Contiene: 1) Introducción. 2) Motivaciones filosóficas. 3) Teorema de Kochen-Specker. 4) Introducción a la teoría de categorías. 5) Functors. 6) La Categoría de Functores. 7) Topos. 8) Topos de Presheaves. 9) Topos Análogo del espacio de estado. 10) Topos Análogo de proposiciones. 11) Topos Análogos...
Saved in:
| Main Author: | |
|---|---|
| Format: | Book |
| Language: | English |
| Published: |
Berlín, Alemania :
Springer,
2013, c2013
|
| Series: | (Lecture Notes in Physics ;
868) |
| Subjects: | |
| Online Access: | Ver documento en línea |
| Tags: |
No Tags, Be the first to tag this record!
|
MARC
| LEADER | 00000nam^a2200000^a^4500 | ||
|---|---|---|---|
| 001 | 000428890 | ||
| 005 | 20251023000000.0 | ||
| 009 | 20260526144619.623 | ||
| 020 | |a 978-3-642-35713-8 | ||
| 037 | |a Acervo ITESO - Biblioteca | ||
| 041 | |a ING | ||
| 082 | |a 530. 12 |b FLO V. 1 | ||
| 100 | |a Flori, Cecilia |e (autor) | ||
| 245 | 1 | 1 | |a A First Course in Topos Quantum Theory / |c C. Flori. |
| 264 | 4 | |a Berlín, Alemania : |b Springer, |c 2013, c2013 | |
| 264 | 2 | |a Cham, Suiza : |b Springer Link [distribución], |c 2013 | |
| 300 | |a 1 libro electrónico en línea (XIII, 449 p.) | ||
| 300 | |a 1 recurso en línea | ||
| 336 | |a datos para computadora |b cod |2 rdacontenido | ||
| 337 | |a computadora |b c |2 rdamedio | ||
| 338 | |a recurso en línea |b cr |2 rdasoporte | ||
| 440 | 1 | |a (Lecture Notes in Physics ; |v 868) | |
| 506 | 0 | |a Licencias ilimitadas | |
| 520 | |a Contiene: 1) Introducción. 2) Motivaciones filosóficas. 3) Teorema de Kochen-Specker. 4) Introducción a la teoría de categorías. 5) Functors. 6) La Categoría de Functores. 7) Topos. 8) Topos de Presheaves. 9) Topos Análogo del espacio de estado. 10) Topos Análogo de proposiciones. 11) Topos Análogos de Estados. 12) Valores de verdad. 13) Cantidad objeto de valor y cantidades físicas. 14) Gavillas. 15) Probabilidades en la teoría cuántica de topos. 16) Acción de grupo en la teoría cuántica de topos. 17) Topos historia de la Teoría Cuántica. 18) Operadores normales. 19) Estados de KMS. 20) Investigación futura. Apéndice A) Topo y lógica. Apéndice B) Ejemplos resueltos. | ||
| 649 | |a XX | ||
| 650 | |a Functores - |x Teoría | ||
| 650 | |a Topos (Matemáticas) - |x Tema Principal | ||
| 650 | |a Categorías (Matemáticas) | ||
| 650 | |a Gravitación Cuántica | ||
| 650 | |a Relatividad (Física) | ||
| 650 | |a Mecánica Cuántica - |x Tema Principal | ||
| 650 | |a Física Matemática | ||
| 650 | |a Física | ||
| 856 | 4 | 0 | |u https://link-springer-com.ezproxy.iteso.mx/10.1007/978-3-642-35713-8 |y Ver documento en línea |
| 910 | |a Fondo General | ||
| 920 | |a Electrónicos - Libros en Línea | ||
| 930 | |a Plataforma Digital | ||
| 905 | |a 205 | ||
| 901 | |a 428890-1 |b IT2 |c EBO |i C172346 |u 20250521 | ||
| 902 | |a https://opac.biblio.iteso.mx/vufind/Record/000428890 | ||